[Event "NED-ch U16 Girls"]
[Site "Almelo"]
[Date "2023.05.06"]
[Round "7"]
[White "Wortman, Manixia"]
[Black "Yildirim, Azra"]
[Result "1-0"]
[WhiteElo "1493"]
[BlackElo "1275"]
[PlyCount "85"]
[EventDate "2023.04.30"]
[EventType "swiss"]
[EventRounds "7"]
[EventCountry "NED"]
[SourceTitle "CBM 214 Extra"]
[Source "ChessBase"]
[SourceDate "2023.07.31"]
[SourceVersion "1"]
[SourceVersionDate "2023.07.31"]
[SourceQuality "1"]

1. e4 e5 2. Nf3 Nc6 3. Bc4 h6 4. d4 exd4 5. Nxd4 Nf6 6. Nc3 Bb4 7. Nxc6 Bxc3+ 8. bxc3 bxc6 9. e5 Qe7 10. Qe2 Nd5 11. Bd2 0-0 12. 0-0 Re8 13. Rfe1 d6 14. Qf3 dxe5 15. Bxd5 cxd5 16. Qxd5 Bf5 17. Bf4 Qd6 18. Rxe5 Rxe5 19. Qxa8+ Kh7 20. Bxe5 Qxe5 21. Qxa7 Qxc3 22. Rc1 Bxc2 23. Qe3 Qxe3 24. fxe3 Be4 25. Rxc7 Kg6 26. a4 Kf6 27. a5 Ke6 28. a6 Kd6 29. Rxf7 Kc6 30. Rxg7 Kb6 31. a7 h5 32. Re7 Bb7 33. Rh7 Kxa7 34. Rxh5 Kb6 35. Rg5 Kc6 36. h4 Kd6 37. h5 Ke6 38. h6 Be4 39. Rh5 Bh7 40. Rg5 Kf6 41. Rg7 Be4 42. Ra7 Kg6 43. h7 1-0

[Event "NED-ch U16 Girls"]
[Site "Almelo"]
[Date "2023.04.30"]
[Round "1"]
[White "Yildirim, Azra"]
[Black "Ganeshram, Nirupa"]
[Result "1/2-1/2"]
[WhiteElo "1275"]
[BlackElo "1629"]
[PlyCount "99"]
[EventDate "2023.04.30"]
[EventType "swiss"]
[EventRounds "7"]
[EventCountry "NED"]
[SourceTitle "CBM 214 Extra"]
[Source "ChessBase"]
[SourceDate "2023.07.31"]
[SourceVersion "1"]
[SourceVersionDate "2023.07.31"]
[SourceQuality "1"]

1. c4 e6 2. Nc3 d5 3. cxd5 exd5 4. d4 Nf6 5. Bg5 Be7 6. Nf3 c6 7. e3 Bf5 8. Bxf6 Bxf6 9. Bd3 Bg6 10. 0-0 Nd7 11. Re1 0-0 12. e4 dxe4 13. Nxe4 Bxe4 14. Bxe4 Nb6 15. Qc2 h6 16. Rad1 Qd6 17. a4 Rad8 18. a5 Nd5 19. Ne5 Qb4 20. a6 Bxe5 21. dxe5 bxa6 22. Qxc6 Ne7 23. Qc2 Rb8 24. Rd2 Rfc8 25. Red1 g6 26. Qd3 Rc4 27. Bd5 Rc5 28. Qe2 Rbc8 29. e6 Nxd5 30. exf7+ Kxf7 31. Qf3+ Qf4 32. Rxd5 Qxf3 33. Rd7+ Ke8 34. gxf3 R8c7 35. Rxc7 Rxc7 36. Rd6 Kf7 37. Rxa6 Rb7 38. Kg2 Rxb2 39. Rxa7+ Kf6 40. Kg3 Rb5 41. h4 h5 42. f4 Rb3+ 43. f3 Rb5 44. Ra6+ Kf5 45. Ra8 Rb6 46. Rf8+ Rf6 47. Rxf6+ Kxf6 48. Kf2 Ke6 49. Ke2 Kf6 50. Kf2 1/2-1/2

[Event "NED-ch U14 Girls"]
[Site "Almelo"]
[Date "2022.05.03"]
[Round "3"]
[White "Maris, Lauri"]
[Black "Yildirim, Azra"]
[Result "1-0"]
[WhiteElo "1619"]
[BlackElo "985"]
[PlyCount "69"]
[EventDate "2022.05.01"]
[EventType "swiss"]
[EventRounds "9"]
[EventCountry "NED"]
[SourceTitle "EXT 2023"]
[Source "ChessBase"]
[SourceDate "2022.10.05"]
[SourceVersion "1"]
[SourceVersionDate "2022.10.05"]
[SourceQuality "1"]

1. e4 c5 2. Nf3 Nc6 3. Bc4 e6 4. Nc3 Nf6 5. 0-0 Nxe4 6. Nxe4 d5 7. Bxd5 exd5 8. Nc3 Bf5 9. Re1+ Be7 10. d3 h6 11. Ne5 Rc8 12. Nxc6 Rxc6 13. Qf3 Be6 14. Qg3 Bf6 15. Bf4 Qb6 16. Nxd5 Qxb2 17. Nxf6+ Qxf6 18. Be5 Qg5 19. Qxg5 hxg5 20. Bxg7 Rh7 21. Bf6 g4 22. a3 Kd7 23. Be5 c4 24. d4 Bd5 25. c3 Re6 26. Bf4 f5 27. Re5 Kc6 28. Rxf5 Rhe7 29. Re5 Kd6 30. Rxe6+ Kxe6 31. Re1+ Kf6 32. Bg5+ Kxg5 33. Rxe7 a5 34. Re5+ Kf4 35. g3+ 1-0

[Event "NED-ch U14 Girls"]
[Site "Almelo"]
[Date "2022.05.02"]
[Round "2"]
[White "Yildirim, Azra"]
[Black "Hagen, Carlijn"]
[Result "1-0"]
[WhiteElo "985"]
[BlackElo "783"]
[PlyCount "69"]
[EventDate "2022.05.01"]
[EventType "swiss"]
[EventRounds "9"]
[EventCountry "NED"]
[SourceTitle "EXT 2023"]
[Source "ChessBase"]
[SourceDate "2022.10.05"]
[SourceVersion "1"]
[SourceVersionDate "2022.10.05"]
[SourceQuality "1"]

1. e4 e5 2. Nf3 Nc6 3. Bc4 Nf6 4. Ng5 d5 5. exd5 Na5 6. d3 Bg4 7. f3 Bf5 8. Qe2 Qd6 9. Bf4 Nd7 10. Nc3 a6 11. 0-0-0 Be7 12. Bd2 Nxc4 13. dxc4 Bxg5 14. Bxg5 Qg6 15. Bf4 0-0 16. Be3 b5 17. g4 Bxg4 18. fxg4 b4 19. Na4 a5 20. Nc5 Nf6 21. Rhg1 a4 22. Kb1 Ne4 23. Nd7 Rfd8 24. Nxe5 Qf6 25. Bd4 Qa6 26. Qxe4 b3 27. a3 bxc2+ 28. Qxc2 Re8 29. Qf2 f6 30. Nd7 Qxc4 31. Nxf6+ Kh8 32. Nxe8 Rxe8 33. Rge1 Rb8 34. Qf7 Rg8 35. Re8 1-0